Statistiken für Die 100 häufigsten Baby-Jungenvornamen Deutschlands

Klicken Sie hier um das Quiz zu spielen!

Allgemein

  • Dieses Quiz wurde 4.050 mal gespielt
  • Das Durchschnittsergebnis liegt bei 37 aus 100

Antwortstatistiken

PlatzVorname% Korrekt
22Leo
80%
21Max
80%
38Tim
79%
12Luca
78%
1Ben
75%
33Tom
75%
4Leon
74%
50Jan
72%
2Paul
72%
29Jonah
69%
11Lukas
69%
76Nick
67%
58Maxim
63%
5Jonas
59%
46Johann
57%
71Luke
56%
15Maximilian
56%
26Alexander
55%
8Felix
55%
3Finn
54%
83Phil
54%
25Julian
52%
6Noah
52%
96Sebastian
51%
65Nico
50%
32Niklas
50%
84Daniel
49%
57Johannes
49%
28Karl
49%
9Louis
49%
27David
47%
7Elias
47%
92Michael
46%
24Moritz
46%
56Simon
46%
87Florian
45%
19Anton
44%
14Emil
44%
53Benjamin
43%
49Fabian
42%
35Erik
39%
100Timo
39%
20Jakob
38%
61Jannik
38%
44Hannes
37%
90Nils
36%
16Theo
36%
31Philipp
35%
10Henry
34%
68Julius
33%
37Jonathan
30%
51Lennard
30%
40Leonard
30%
36Linus
30%
30Samuel
30%
48Jannis
27%
18Liam
27%
73Muhammed
27%
91Dominik
26%
42Aaron
25%
17Oskar
25%
75Fritz
24%
13Matteo
24%
47Lio
23%
78Ole
23%
62Adrian
22%
45Levi
22%
52Till
22%
43Vincent
22%
81Gabriel
21%
59Konstantin
21%
94Lasse
21%
82Matti
21%
39Raphael
21%
88Benedikt
20%
63Joshua
20%
64Kilian
20%
54Valentin
20%
93Ludwig
19%
34Mats
19%
41Mika
19%
69Toni
19%
86Malte
18%
60Marlon
18%
67Theodor
17%
80Adam
15%
66Mattis
15%
23Milan
15%
72Milo
15%
77Bruno
14%
98Emilio
14%
79Lenny
14%
97Levin
14%
55Arthur
12%
99Carlo
12%
95Damian
12%
70Lian
10%
74Fiete
8%
89Lias
7%
85Pepe
7%

Verteilung der Resultate

Perzentil nach korrekt beantworteten Fragen

Anzahl Personen mit jedem Resultat

Ihre Resultats-Entwicklung

Sie haben dieses Quiz noch nicht gespielt